00333pab a2200133 454500008004000000100001700040245006600057260000900123300001300132362000800145650001400153700001700167773001500184180718b2005 xxu||||| |||| 00| 0 eng d aDua, Kshitij aThe Imrana imbroglio and uniform civil code: some reflections c2005 ap.10-11. aOct aCivil law aGupta, Ankur aMainstream